000 00684nam a2200265Ia 4500
001 5957
005 20240113233856.0
007 ta
008 050623s a g b000 u hin u
020 _cPB
040 _aCotton College Assam
041 _ahin
082 _a891.433
_bJ 599 Sa
100 _aJohri, Mahesh Saran .
245 0 _aSatrah Kahaniyan /
_cMahesh Saran Johri.
_hTextual Documents
250 _a1st ed. /
260 _aMathura :
_bDesh bandhu ,
_cnd.
300 _a104p. :
_bill. ;
_c21cm. .
653 _aHindi Short Stories
653 _aShort Stories-Hindi
653 _aGen-Hindi
942 _2ddc
_cBK
999 _c5944
_d5944